000 00323nam a22001337a 4500
008 170922b xxu||||| |||| 00| 0 eng d
020 _a9780312090739
041 _aeng
080 _a37
100 _a46
101 _aEDU
245 _aIMAGES OF SCHOOLTEACHERS IN TWENTIETH-CENTURY AMERICA
_cJOSEPH, P.B
942 _2udc
_cBK
999 _c29268
_d29268